|
|
|
|
| LEADER |
00000nab a2200000 a 4500 |
| 001 |
vtls011110291 |
| 003 |
SK-MaSNL |
| 005 |
20260303150417.0 |
| 008 |
230222|2002 xo |||||||||||||||||ger| |
| 015 |
|
|
|a SNBRB
|
| 035 |
|
|
|a (uuid)3b6f5d2e-4a8d-44cb-a22f-0a92b782fc69
|
| 035 |
|
|
|a (urnnbn)urn:nbn:sk:snk:ar-a08e2g
|
| 035 |
|
|
|a urn:nbn:sk:snk-ab9gu3
|
| 040 |
|
|
|a SNKBUCL
|b slo
|c SNKBUCL
|e AACR2
|
| 041 |
0 |
|
|a ger
|
| 044 |
|
|
|a xo
|c SK
|
| 100 |
1 |
|
|a Burcl, Rudolf
|4 aut
|9 8173
|
| 245 |
1 |
0 |
|a AUSGEWÄHLTE ASPEKTE DER UMWELTPOLITIK
|c Rudolf Burcl
|
| 246 |
3 |
|
|a VYBRANÉ ASPEKTY ENVIRONMENTÁLNEJ POLITIKY
|
| 773 |
0 |
|
|t Vedecké práce Materiálovotechnologickej fakulty Slovenskej technickej univerzity v Bratislave so sídlom v Trnave
|g Č. 13 (2002), s. 7-12
|
| 958 |
|
|
|a OND
|
| 958 |
|
|
|a EUIPO
|
| 958 |
|
|
|a article13
|
| 999 |
|
|
|c 2010439
|d 2012369
|